Estatísticas para Top 10 Países com Mais Jogadores de Futebol Registrados

Clique aqui para jogar o quiz

Estatísticas Gerais

  • Esse quiz foi jogado 272 vezes
  • A pontuação média é 7 de 10

Estatísticas das Respostas

# País % Correto
2,142,000Brasil
98%
6,309,000Alemanha
92%
1,795,000França
89%
1,514,000Itália
88%
4,187,000Estados Unidos
82%
1,486,000Inglaterra
75%
1,045,000Japão
70%
1,139,000Países Baixos
60%
866,000Canadá
47%
1,469,000África do Sul
30%

Distribuição das Pontuações

Percentil de Números Respondidos

Porcentagem de Pessoas com Cada Pontuação

Sua Pontuação Histórica

Você não jogou esse quiz